000 00339nam a2200157Ia 4500
001 16851
003 IN-NITTTR
005 20251114233159.0
008 251113s9999||||xx |||||||||||||| ||eng||
040 _beng
040 _cIN-NITTTR
041 _aeng
082 _a746.44 E16
245 0 _aEmbroidery 48 new designs. /
942 _2ddc
_cBK
999 _c19485
_d19485